logo

Bir Sreshtho Munshi Abdur Rouf Library
Jhenaidah Cadet College

বাংলাদেশ সরকার ১৯৭১ / (Record no. 7399)

MARC details
000 -LEADER
fixed length control field 00710nam a22002297a 4500
003 - CONTROL NUMBER IDENTIFIER
JCCL marc code BD-JhCC
005 - DATE AND TIME OF LATEST TRANSACTION
control field 20180314175556.0
008 - FIXED-LENGTH DATA ELEMENTS--GENERAL INFORMATION
fixed length control field 180208s2004 bg |||| ||a| 00| 0 ben d
020 ## - INTERNATIONAL STANDARD BOOK NUMBER
International Standard Book Number 984401798X
035 ## - SYSTEM CONTROL NUMBER
system control number (BD-JhCC)
040 ## - CATALOGING SOURCE
Original cataloging agency BD-JhCC
Modifying agency BD-JhCC
041 ## - LANGUAGE CODE
Language code of Book ben
082 ## - DEWEY DECIMAL CLASSIFICATION NUMBER
Classification number 320.195492
Author mark and Year IMA 2004
100 ## - MAIN ENTRY--PERSONAL NAME
Personal name ইমাম, এইচ. টি
245 ## - TITLE STATEMENT
Title বাংলাদেশ সরকার ১৯৭১ /
Statement of responsibility, etc এইচ. টি. ইমাম
260 ## - PUBLICATION, DISTRIBUTION, ETC. (IMPRINT)
Place of publication, distribution, etc ঢাকা :
Name of publisher, distributor, etc আগামী প্রকাশনী,
Date of publication, distribution, etc 2004
300 ## - PHYSICAL DESCRIPTION
Pagination 560 p. :
Dimensions 22 cm,
650 ## - SUBJECT ADDED ENTRY--TOPICAL TERM
Topical term or geographic name as entry element Politics and Government
Chronological subdivision 1971
Geographic subdivision Bangladesh
650 ## - SUBJECT ADDED ENTRY--TOPICAL TERM
Topical term or geographic name as entry element Public Administration
942 ## - ADDED ENTRY ELEMENTS (KOHA)
Source of classification or shelving scheme Dewey Decimal Classification
Koha item type Books
Holdings
Source of classification or shelving scheme Damaged status Not for loan Home library Current library Shelving location Source of acquisition Cost, normal purchase price Total Checkouts Full call number Barcode Date last seen Copy number Koha item type Date of accession
Dewey Decimal Classification     JCC Rouf Library JCC Rouf Library General Stacks Foundation of Tenths Efforts 750.00   320.195492 IMA 2004 9869 02/08/2018 C - 1 Books  
Dewey Decimal Classification     JCC Rouf Library JCC Rouf Library General Stacks Foundation of Tenths Efforts 750.00   320.195492 IMA 2004 9870 02/08/2018 c-2 Books  
Dewey Decimal Classification     JCC Rouf Library JCC Rouf Library General Stacks Zahedee Foundation 1000.00   320.195492 IMA 2004 12533 03/14/2018 C-3 Books 03/14/2018

JCC Library | Contacts | JCC Home

Last Update on 23 September 2017
Copyright @ 2017-2020 JCC Rouf Library
Rouf Library, Jhenidah Cadet College (JCC), Bangladesh